<?xml version="1.0" encoding="UTF-8"?>
<record
    xmlns:xsi="http://www.w3.org/2001/XMLSchema-instance"
    xsi:schemaLocation="http://www.loc.gov/MARC21/slim http://www.loc.gov/standards/marcxml/schema/MARC21slim.xsd"
    xmlns="http://www.loc.gov/MARC21/slim">

  <leader>01576nam a22002537a 4500</leader>
  <datafield tag="999" ind1=" " ind2=" ">
    <subfield code="c">22205</subfield>
    <subfield code="d">22205</subfield>
  </datafield>
  <controlfield tag="003">AR-CdUCM</controlfield>
  <controlfield tag="008">190425b           ||||| |||| 00| 0 spa d</controlfield>
  <datafield tag="040" ind1=" " ind2=" ">
    <subfield code="a">MUNICIPALIDAD PROVINCIAL DEL CUSCO</subfield>
    <subfield code="c">BIBLIOTECA MUNICIPAL DEL CUSCO</subfield>
  </datafield>
  <datafield tag="082" ind1=" " ind2=" ">
    <subfield code="a">Qeu&#xF1;a/N&#xB0;1/2007</subfield>
  </datafield>
  <datafield tag="245" ind1=" " ind2=" ">
    <subfield code="a">Q&#xB4;eu&#xF1;a :</subfield>
    <subfield code="b">revista de la Sociedad Bot&#xE1;nica del Cusco /</subfield>
    <subfield code="c">Sociedad Bot&#xE1;nica del Cusco</subfield>
  </datafield>
  <datafield tag="260" ind1=" " ind2=" ">
    <subfield code="a">Cusco.</subfield>
    <subfield code="b">Moderna,</subfield>
    <subfield code="c">2007.</subfield>
  </datafield>
  <datafield tag="300" ind1=" " ind2=" ">
    <subfield code="a">60 p&#xE1;ginas. :</subfield>
    <subfield code="b">ilustraciones ;</subfield>
    <subfield code="c">28 cm.</subfield>
  </datafield>
  <datafield tag="440" ind1=" " ind2=" ">
    <subfield code="a">Q&#xB4;eu&#xF1;a.</subfield>
    <subfield code="n">A&#xF1;o I, N&#xB0;01, 2007.</subfield>
    <subfield code="9">47639</subfield>
  </datafield>
  <datafield tag="505" ind1=" " ind2=" ">
    <subfield code="a">Contenido: Un nueva adici&#xF3;n de Pleurothallinidae para la flora peruana y 4 nuevos reportes para el departamento del Cusco. -- Macromycetos de la microcuenca de Q&#xB4;eu&#xF1;a Zurite Anta. -- Flora invasora y colonizadora en el valle de la Convenci&#xF3;n Cusco. -- 20 a&#xF1;os de cambios en los bosques del Sur oeste de la Amazon&#xED;a. -- Avances en los estudios de los patrones fenol&#xF3;gicos de cinco especies arb&#xF3;reas de Tambopata Madre de Dios. -- Diversidad biol&#xF3;gica del complejo arqueol&#xF3;gico de Kantupata Santuario Hist&#xF3;rico de Machupicchu. -- Conozcamos nuestros florestales nativos. -- Nuestras medicinales plantas medicinales. -- El Paiq&#xB4;o y su utilidad en la comunidad de Pampa Anza Canchis.</subfield>
  </datafield>
  <datafield tag="650" ind1=" " ind2=" ">
    <subfield code="a">Bot&#xE1;nica cusque&#xF1;a</subfield>
    <subfield code="9">45807</subfield>
  </datafield>
  <datafield tag="650" ind1=" " ind2=" ">
    <subfield code="a">Biodiversidad</subfield>
    <subfield code="9">19327</subfield>
  </datafield>
  <datafield tag="700" ind1=" " ind2=" ">
    <subfield code="a">Calatayud Hermoza, Gloria</subfield>
    <subfield code="9">47640</subfield>
  </datafield>
  <datafield tag="700" ind1=" " ind2=" ">
    <subfield code="a">Delgado Salazar, Jhoel</subfield>
    <subfield code="9">47641</subfield>
  </datafield>
  <datafield tag="700" ind1=" " ind2=" ">
    <subfield code="a">Zamalloa Acurio, Violeta</subfield>
    <subfield code="9">47642</subfield>
  </datafield>
  <datafield tag="700" ind1=" " ind2=" ">
    <subfield code="a">Tupayachi Herrera, Alfredo</subfield>
    <subfield code="9">20659</subfield>
  </datafield>
  <datafield tag="710" ind1=" " ind2=" ">
    <subfield code="a">Sociedad Bot&#xE1;nica del Cusco</subfield>
    <subfield code="9">47643</subfield>
  </datafield>
  <datafield tag="942" ind1=" " ind2=" ">
    <subfield code="2">ddc</subfield>
    <subfield code="c">PP</subfield>
  </datafield>
  <datafield tag="945" ind1=" " ind2=" ">
    <subfield code="a">rac</subfield>
  </datafield>
  <datafield tag="952" ind1=" " ind2=" ">
    <subfield code="0">0</subfield>
    <subfield code="2">ddc</subfield>
    <subfield code="4">0</subfield>
    <subfield code="7">0</subfield>
    <subfield code="a">HEM</subfield>
    <subfield code="b">HEM</subfield>
    <subfield code="c">CART</subfield>
    <subfield code="d">2022-03-23</subfield>
    <subfield code="g">5.00</subfield>
    <subfield code="o">Qeu&#xF1;a/N&#xB0;1/2007</subfield>
    <subfield code="p">REVC000872</subfield>
    <subfield code="r">2022-03-23</subfield>
    <subfield code="y">PP</subfield>
  </datafield>
  <datafield tag="952" ind1=" " ind2=" ">
    <subfield code="0">0</subfield>
    <subfield code="2">ddc</subfield>
    <subfield code="4">0</subfield>
    <subfield code="7">0</subfield>
    <subfield code="a">HEM</subfield>
    <subfield code="b">HEM</subfield>
    <subfield code="c">CART</subfield>
    <subfield code="d">2022-03-23</subfield>
    <subfield code="g">5.00</subfield>
    <subfield code="o">Qeu&#xF1;a/N&#xB0;1/2007/e.2</subfield>
    <subfield code="p">REVC000873</subfield>
    <subfield code="r">2022-03-23</subfield>
    <subfield code="y">PP</subfield>
  </datafield>
</record>
